Loading...
| Current Events | 2 | 10.00 | 100% | 0% | 0% |
| Fine Arts - Classical Music | 6 | 5.00 | 50% | 0% | 0% |
| Fine Arts - Other | 7 | 7.14 | 57% | 14% | 0% |
| Fine Arts - Painting & Sculpture | 8 | 5.00 | 50% | 0% | 0% |
| Geography | 3 | 13.33 | 33% | 67% | 33% |
| History - American | 5 | 16.00 | 100% | 60% | 0% |
| History - European | 2 | 10.00 | 50% | 50% | 0% |
| History - Other | 5 | 8.00 | 60% | 20% | 0% |
| History - World | 3 | 13.33 | 100% | 33% | 0% |
| Literature - American | 2 | 10.00 | 50% | 50% | 0% |
| Literature - British | 6 | 11.67 | 100% | 17% | 0% |
| Literature - European | 5 | 16.00 | 100% | 40% | 20% |
| Literature - World | 6 | 13.33 | 100% | 33% | 0% |
| Mythology | 4 | 5.00 | 25% | 25% | 0% |
| Other Academic | 2 | 15.00 | 100% | 50% | 0% |
| Philosophy | 6 | 6.67 | 67% | 0% | 0% |
| Religion | 8 | 7.50 | 75% | 0% | 0% |
| Science - Biology | 5 | 6.00 | 60% | 0% | 0% |
| Science - Chemistry | 2 | 10.00 | 100% | 0% | 0% |
| Science - Other | 5 | 10.00 | 80% | 20% | 0% |
| Science - Physics | 5 | 10.00 | 80% | 20% | 0% |
| Social Science | 4 | 7.50 | 75% | 0% | 0% |